00796nam a2200181Ia 4500003000900000008004100009020002600050040001600076100005200092245009400144260003200238300002000270490003300290856010300323942000700426999001700433952016400450IN-BaIIA211028s9999 xx s 000 0 eng d a9780819473653 (Print) cIIA Library aMário Correia da Silva Vilar, Rui, ed.948771 0aXVII International Symposium on Gas Flow, Chemical Lasers, and High-Power Lasersh[eBook] aWashington, USAbSPIEc2009 aOnline resource aProceedings of SPIE; V. 7131 uhttps://www.spiedigitallibrary.org/conference-proceedings-of-spie/7131yClick Here to Access eBook cEB c33901d33901 00104070aBANbBANd2011-07-01eSPIEhV. 7131l0pEB13361r2021-11-05uhttps://www.spiedigitallibrary.org/conference-proceedings-of-spie/7131w2021-11-05yEB